000 00342 a2200157 4500
001 186485
020 _a85-305-0125-X
040 _cMagnum
100 _aBandeira, Pedro
240 1 0 _aChapeuzinho e o lobo mau
_lpor
245 1 0 _aChapeuzinho e o lobo mau
300 _a48
362 0 _a1997
697 _aLITERATURA INFANTO
942 _cBK
999 _c186485
_d186485